| 000 | 01051cam a22003257a 4500 | ||
|---|---|---|---|
| 003 | CHAP | ||
| 005 | 20220329135214.0 | ||
| 008 | 971013s1977 r 00010 d | ||
| 010 | _a32590 | ||
| 011 | _a33562 | ||
| 035 | _a37678 | ||
| 040 | _cCHAP | ||
| 082 |
_a634.94 _bM3 |
||
| 100 | 0 | 0 |
_aMattson, W.J. _973101 |
| 245 | 1 | 4 | _aThe role of arthropods in forest ecosystems |
| 260 |
_aNew York : _bSpringer Verlag, _c1977 |
||
| 300 |
_a104 p. _b: ilus |
||
| 490 | 0 | _aProceedings in life sciences | |
| 590 |
_aBATCH-UPD _b10 _c20130110 _lUCH01 _h2001 |
||
| 590 |
_aBATCH-UPD _b10 _c20130410 _lUCH01 _h1321 |
||
| 590 |
_aBATCH-UPD _b10 _c20130914 _lUCH01 _h0415 |
||
| 590 |
_aCONVERSION _b10 _c20130109 _lUCH01 _h1318 |
||
| 650 | 1 | 4 |
_aArtrópodos. _97782 |
| 650 | 1 | 4 |
_aEcología forestal. _935176 |
| 830 | 0 |
_aProceedings in life sciences _991718 |
|
| 901 | _aBK | ||
| 942 | _cLIBRO | ||
| 949 |
_a634.94 M3 _bBC _cLIBRO _d33724000248738 _eLIBRO _fc.2 _h55263 _i37678 _si _t756.00 |
||
| 949 |
_a634.94 M3 _bBC _cLIBRO _d33724000248746 _eLIBRO _h55262 _i37678 _si _t756.00 |
||
| 999 |
_c32590 _d32590 |
||